000 01071nam a22002297a 4500
999 _c64028
_d64028
005 20251125233104.0
008 s2553 th tha d
020 _a9789744965066
040 _aNALT
041 _atha
050 _aDS575.5.C6 ว262จ 2554
100 0 _aวรรณไว พัธโนทัย
245 1 0 _aโจว เอิน ไหล ผู้ปลูกไมตรีไทย-จีน
260 3 _aกรุงเทพฯ :
_bประโคนชัย,
_c2553
300 _a550 หน้า :
_b ภาพประกอบ ;
_c 21 ซม.
650 0 4 _aจีน -- ความสัมพันธ์กับต่างประเทศ -- ไทย
650 0 4 _aไทย -- ความสัมพันธ์กับต่างประเทศ -- จีน
850 _aNALT
856 4 0 _uhttps://hdl.handle.net/20.500.14156/411702
_71
942 _cGB
_2lcc
_01
998 _j111
_k นางสาวพจพิณ พรมเอี่ยม